Rulers of Westeros - Statistics

General Stats
  • This quiz has been taken 347 times
  • The average score is 18 of 21
Answer Stats
Reign House Ruler % Correct
1 AC to 37 AC Targaryen Aegon I
99%
283 AC to 298 AC Baratheon Robert I
99%
129 AC to 131 AC Targaryen Aegon II
98%
131 AC to 157 AC Targaryen Aegon III
98%
172 AC to 184 AC Targaryen Aegon IV
98%
233 AC to 259 AC Targaryen Aegon V
98%
298 AC to 300 AC Baratheon Joffrey I
97%
300 AC to Present Baratheon Tommen I
94%
209 AC to 221 AC Targaryen Aerys I
92%
262 AC to 283 AC Targaryen Aerys II
92%
103 AC to 129 AC Targaryen Viserys I
91%
171 AC to 172 AC Targaryen Viserys II
89%
42 AC to 48 AC Targaryen Maegor I
78%
129 AC to 130 AC (disputed) Targaryen Rhaenyra
77%
48 AC to 103 AC Targaryen Jaehaerys I
75%
259 AC to 262 AC Targaryen Jaehaerys II
75%
161 AC to 171 AC Targaryen Baelor I
72%
37 AC to 42 AC Targaryen Aenys I
66%
221 AC to 233 AC Targaryen Maekar I
66%
157 AC to 161 AC Targaryen Daeron I
65%
184 AC to 209 AC Targaryen Daeron II
65%
No matching quizzes found
Score Distribution
Percent of People with Each Score
Percentile by Number Answered
Your Score History
You have not taken this quiz